Goalkeepers who scored in the Premier League - Statistics

General Stats
  • This quiz has been taken 525 times
  • The average score is 3 of 6
Answer Stats
Team Answer % Correct
Liverpool Alisson
91%
Everton Tim Howard
69%
Stoke City Asmir Begovic
56%
Aston Villa Peter Schmeichel
43%
Blackburn Rovers Brad Friedel
41%
Tottenham Hotspur Paul Robinson
36%
No matching quizzes found
Score Distribution
Percent of People with Each Score
Percentile by Number Answered
Your Score History
You have not taken this quiz